000 01223nam a2200325 a 4500
001 ebr10201495
003 CaPaEBR
006 m u
007 cr cn|||||||||
008 061019s2007 okua sb 001 0 eng
010 _z 2006034984
020 _z9781593700720 (hbk.)
020 _z1593700725 (hbk.)
040 _aCaPaEBR
_cCaPaEBR
035 _a(OCoLC)614477213
050 1 4 _aTN871.2
_b.A92 2007eb
082 0 4 _a622/.3381
_222
100 1 _aAzar, Jamal J.,
_d1937-
245 1 0 _aDrilling engineering
_h[electronic resource] /
_cJ.J. Azar, G. Robello Samuel.
260 _aTulsa, Okla. :
_bPennWell Corp.,
_cc2007.
300 _ax, 486 p. :
_bill.
504 _aIncludes bibliographical references (p. [454]-471) and index.
533 _aElectronic reproduction.
_bPalo Alto, Calif. :
_cebrary,
_d2013.
_nAvailable via World Wide Web.
_nAccess may be limited to ebrary affiliated libraries.
650 0 _aOil well drilling.
650 0 _aGas well drilling.
655 7 _aElectronic books.
_2local
700 1 _aSamuel, G. Robello.
710 2 _aebrary, Inc.
856 4 0 _uhttp://site.ebrary.com/lib/rucke/Doc?id=10201495
_zAn electronic book accessible through the World Wide Web; click to view
999 _c223398
_d223398